Código de comercio de los Estados Unidos Mexicanos (Record no. 5608)

MARC details
000 -CABECERA
campo de control de longitud fija 00800nam a2200265 a 4500
001 - NÚMERO DE CONTROL
campo de control BRCA_5919
005 - FECHA Y HORA DE LA ÚLTIMA TRANSACCIÓN
campo de control 20190320205250.0
008 - DATOS DE LONGITUD FIJA--INFORMACIÓN GENERAL
campo de control de longitud fija 180311s1912----mx-######t---#001-0#spa-#
041 ## - CÓDIGO DE LENGUA
Código de lengua del texto/banda sonora o título independiente spa
044 ## - CÓDIGO DEL PAÍS DE LA ENTIDAD EDITORA/PRODUCTORA
Código MARC del país mx
050 #4 - SIGNATURA TOPOGRÁFICA DE LA BIBLIOTECA DEL CONGRESO
Número de clasificación HF1481
Número de documento/Ítem .M48
-- 1912
245 10 - MENCIÓN DE TÍTULO
Título Código de comercio de los Estados Unidos Mexicanos
Mención de responsabilidad, etc. García Nuñez, Jenaro y Pascual García, Francisco.
250 ## - MENCIÓN DE EDICIÓN
Mención de edición 6a. ed.
260 ## - PUBLICACIÓN, DISTRIBUCIÓN, ETC.
Lugar de publicación, distribución, etc. México
Nombre del editor, distribuidor, etc. Herrero
Fecha de publicación, distribución, etc. 1912
300 ## - DESCRIPCIÓN FÍSICA
Extensión 376 p.
Dimensiones 15 cm.
440 #0 - MENCIÓN DE SERIE/PUNTO DE ACCESO ADICIONAL--TÍTULO
Título Colección de códigos y leyes federales.
9 (RLIN) 14960
500 ## - NOTA GENERAL
Nota general índice analítico
500 ## - NOTA GENERAL
Nota general H153
650 14 - PUNTO DE ACCESO ADICIONAL DE MATERIA--TÉRMINO DE MATERIA
Término de materia o nombre geográfico como elemento de entrada Derecho mercantil
Subdivisión geográfica México
9 (RLIN) 14961
651 #4 - PUNTO DE ACCESO ADICIONAL DE MATERIA--NOMBRE GEOGRÁFICO
Nombre geográfico México
Subdivisión de forma Comercio
9 (RLIN) 14962
700 1# - PUNTO DE ACCESO ADICIONAL--NOMBRE DE PERSONA
Nombre de persona García Nuñez, Jenaro.
9 (RLIN) 14963
700 1# - PUNTO DE ACCESO ADICIONAL--NOMBRE DE PERSONA
Nombre de persona Pascual García, Francisco.
9 (RLIN) 14964
902 ## - CATALOGADOR
Iniciales GFM
942 ## - ELEMENTOS DE PUNTO DE ACCESO ADICIONAL (KOHA)
Fuente del sistema de clasificación o colocación Library of Congress Classification
Tipo de ítem Koha Libros
Holdings
Estado de retiro Estado de pérdida Estado dañado No para préstamo Localización permanente Ubicación/localización actual Fecha de adquisición Número de inventario Total de préstamos Signatura topográfica completa Código de barras Fecha visto por última vez Precio válido a partir de Tipo de ítem Koha
El ejemplar forma parte de la colección y puede ser consultado según las políticas vigentes.       Biblioteca del Museo Franz Mayer (Rogerio Casas-Alatriste) Biblioteca del Museo Franz Mayer (Rogerio Casas-Alatriste) 18/03/2011 H153   HF1481 .M48 1912 (H153) 6358 22/03/2019 22/03/2019 Libros